| 000 | 00393pam a2200157a 44500 | ||
|---|---|---|---|
| 008 | 230515b2003 xxu||||| |||| 00| 0 eng d | ||
| 020 | _aNULL | ||
| 041 | _aENGLISH | ||
| 082 | _aN.D. | ||
| 100 | _a"Meislich E K, Herbert Meishlich" | ||
| 245 | _aOrganic Chemistry Vol I ( 3000 Solved Problem) | ||
| 250 | _a0 | ||
| 260 |
_aNULL _bTata Magraw Hill _c2003 |
||
| 300 | _a687 | ||
| 650 | _aNULL | ||
| 999 |
_c587041 _d587041 |
||